Which country has Belgium most similarty on dna - Statistics

General Stats
  • This quiz has been taken 28 times
  • The average score is 17 of 20
Answer Stats
Hint Answer % Correct
2 France
100%
3 Germany
96%
13 Italy
96%
6 UK
96%
10 Ireland
92%
1 Netherlands
92%
12 Spain
92%
4 Luxembourg
88%
5 Switzerland
88%
11 Norway
84%
8 Sweden
84%
9 Austria
80%
17 Hungary
80%
15 Poland
80%
18 Portugal
80%
19 Slovakia
80%
16 Slovenia
80%
14 Czechia
76%
7 Denmark
76%
20 Croatia
64%
No matching quizzes found
Score Distribution
Percent of People with Each Score
Percentile by Number Answered
Your Score History
You have not taken this quiz